Hospodárske vzťahy medzi Európskou úniou a USA, vplyv, pozitíva a negatíva Transatlantického partnerstva v oblasti obchodu a investícií

Analýza vzájomných hospodárskych vzťahov medzi EÚ a USA v súčasnosti a v nedávnej minulosti. Na základe údajov z Eurostatu bol preskúmaný obchod s tovarom a so službami medzi EÚ a USA, ako aj ich vzájomné investície. Analýza pripravovanej dohody o voľnom obchode medzi EÚ a USA - Transatlantickému pa...

Description complète

Enregistré dans:
Détails bibliographiques
Auteur principal: Bittmannová, Bianka
Format: Chapitre de livre
Langue:slovaque
Sujets:
Tags: Ajouter un tag
Pas de tags, Soyez le premier à ajouter un tag!

MARC

LEADER 00000nla a2200000 4500
001 0198597
005 20240502073345.3
041 0 |a slo 
044 |a SK 
245 1 0 |a Hospodárske vzťahy medzi Európskou úniou a USA, vplyv, pozitíva a negatíva Transatlantického partnerstva v oblasti obchodu a investícií  |c Bianka Bittmanová 
520 |a Analýza vzájomných hospodárskych vzťahov medzi EÚ a USA v súčasnosti a v nedávnej minulosti. Na základe údajov z Eurostatu bol preskúmaný obchod s tovarom a so službami medzi EÚ a USA, ako aj ich vzájomné investície. Analýza pripravovanej dohody o voľnom obchode medzi EÚ a USA - Transatlantickému partnerstvu v oblasti obchodu a investícií. Jej možný vplyv na súčasnú úroveň vzťahov medzi partnermi ale aj jej vplyv na iné časti svetového hospodárstva. 
610 2 0 |a vzťahy hospodárske medzinárodné 
610 2 0 |a USA 
610 2 0 |a Európska únia 
610 2 0 |a obchod voľný 
610 2 0 |a hospodárstvo svetové 
100 1 |a Bittmannová, Bianka